000
00213 a2200097 4500
001
28562
100
_a
Holister, G S
245
_a
Experimental Stress Analysis
260
_a
_b
Cambridge
_c
090
_c
19127
_d
19127
942
_a
NUST-CAE
_c
M
_c
10144
999
_c
263635
_d
263635